000 01280cam a22003497a 4500
001 13764532
003 OSt
005 20150408113721.0
008 041028s2004 nyua 001 0 eng d
010 _a 2004303538
020 _a0072254351
035 _a(OCoLC)ocm54985128
037 _a1230461
_bQBI
040 _aVAN
_cVAN
_dQBX
_dDLC
042 _alccopycat
050 0 0 _aTR267
_b.H84 2004
082 0 0 _a775
_222
100 1 _aHuss, David.
_94968
245 1 0 _aHow to do everything with digital photography /
_cDave Huss.
246 3 0 _aDigital photography
260 _aNew York :
_bMcGraw-Hill/Osborne,
_cc2004.
300 _axxx, 336 p. :
_bcol. ill. ;
_c24 cm.
440 0 _aHow to do everything with--
_94747
500 _aIncludes index.
650 0 _aPhotography
_xDigital techniques.
_94986
650 0 _aImage processing
_xDigital techniques.
_94987
650 0 _aDigital cameras.
_94988
856 4 2 _3Publisher description
_uhttp://www.loc.gov/catdir/enhancements/fy0620/2004303538-d.html
856 4 1 _3Table of contents only
_uhttp://www.loc.gov/catdir/enhancements/fy0620/2004303538-t.html
942 _2ddc
_cBOOK
999 _c570
_d235070